000
00311nam a22001337a 4500
008
170510b xxu||||| |||| 00| 0 eng d
020
_a
9780198288817
041
_a
eng
080
_a
342
100
_a
15
101
_a
SHJ
245
_a
FIRMS CONTRACTS AND FINACIAL STRUCTURE
_c
HART.O
942
_2
udc
_c
BK
999
_c
13047
_d
13047